000 00433nam a2200145 4500
999 _c9460
_d9460
003 OSt
005 20210623163900.0
008 210623b ||||| |||| 00| 0 eng d
020 _a9780817400057
082 _a778.92
_bTRA
100 _a Travers, Peter, 1972-
245 _aThe portrait photographer's lighting style guide : recipes for lighting and composing professional portraits
260 _aSA
_bAmphoto books
_c2010
942 _2ddc